00218 a2200097 4500001000700000040003500007100002000042240002700062245002200089362000900111153987 cEscola São Tomás de Aquino aRENNÓ, Regina10aDoce água doce lpor10aDoce água doce 0 a2008